00481nam a2200157Ia 45000030006000000080041000060400015000471000019000622450065000812600009001465460012001559420012001679990015001790050017001949520112002110STCL150530s9999 xx 000 0 und d aSTCLcSTCL aKulkarni, K.R. aTheory and practice of cooperation in India and abroad vol-3 c1962 aEnglish 2ddccBK c8707d870720220125165514.0 00102ddc4070aSTCALbSTCALcGENd2015-05-30g23.00l0o330-131p715r2015-05-30 00:00:00w2015-05-30yBK